000 00687cab a2200265 4500
001 WB3312-21
008 090401t1997 xxu||||| |||| 00| 0 eng d
035 _a(Sirsi) u77254
041 _aeng
245 _aParty policies for housing
260 _c1997
350 _a0
490 _aTimes
_v19 March 1997, 41(2)
520 _aGives the policies of the three major parties, for the future of Britain`s housing.
650 _aCONSERVATIVE PARTY
650 _aFUTURE
650 _aGENERAL ELECTION
650 _aHOUSING POLICIES
650 _aHOUSING
650 _aLABOUR PARTY
650 _aLIBERAL DEMOCRATS
690 _aHOUSING
942 _n0
948 _c20/03/1997
999 _c48568
_d48568